| 000 | 01297nkm a2200301 i 4500 | ||
|---|---|---|---|
| 001 | 3522 | ||
| 003 | ES-MaACL | ||
| 005 | 20250713062739.0 | ||
| 007 | khrbo | ||
| 008 | 051108s1985 sp --- g |001||spa d | ||
| 100 | 0 |
_aAlfonso, _d1902-1990 _919858 |
|
| 245 | 1 | 0 |
_aPresentación del libro "S'Arxiduc" de Juan March [ _hFotografía] / _cAlfonso (sello). |
| 260 |
_a[S.l. : _bs.n.], _c1985. |
||
| 300 |
_a4 fot. : _bb. y n. ; _c12 x 18 cm. |
||
| 500 | _aDatos basados en invitación. | ||
| 511 | 0 | _aIntervienen: Juan March, Joaquín Calvo Sotelo, Salvador Esteban, José Soto, Luis Antonio de Villena. | |
| 518 | _aActo organizado por el Ateneo de Madrid, celebrado en el salón de actos el viernes, 15 de noviembre de 1985, a las 19:00 h. | ||
| 600 | 1 | 4 |
_aMarch Cencillo, Juan ( _d1944-1992) _9175564 |
| 600 | 1 | 4 |
_aCalvo-Sotelo, Joaquín, _d1905-1993 _933913 |
| 600 | 1 | 4 |
_aEsteban, Salvador. _948038 |
| 600 | 1 | 4 |
_aSot, José. _9107450 |
| 600 | 1 | 7 |
_aVillena, Luis Antonio de, _d1951- _2embne _9240059 |
| 610 | 2 | 4 |
_aAteneo de Madrid- _xActos culturales- _y1985- _vFotografías. _91900 |
| 710 | 2 |
_aAteneo de Madrid. _91875 |
|
| 852 |
_aES-MaACL _jFOT 86/1985 |
||
| 856 | 4 |
_uhttp://www.ateneodemadrid.net/biblioteca_digital/imagenes/1985/0086-1985.jpg _zVer imagen |
|
| 999 |
_c3522 _d3522 |
||